000 00491nam a2200193Ia 4500
003 GCL
008 140319s9999 xx 000 0 eng d
040 _aGCL /
_cGCL
082 0 4 _a611.01
_bJ B
100 1 _aJUNQUEIRA CARLES L.
245 1 0 _aBASIC HISTOLOGY /
_cJUNQUEIRA CARLES L.
700 1 _aCARNEIRO, JOSE
700 1 _aKELLEY, ROBERT O.
260 _a[S.N] :
_bLIBRAIRIE DU LIBAN ،
_c1994
300 _a518 P
650 0 4 _aHISTOLOGY
650 0 4 _aEMBRYOLOGY
942 _2ddc
_cBK
999 _c19839
_d19839